00383pab a2200133 454500008004000000100001800040245005700058260000900115300001300124362001100137650004200148650002500190773003400215180718b2012 xxu||||| |||| 00| 0 eng d aSingh, Manjit aPreference for migrant agricultural labour in Punjab c2012 ap.27-28. a21 Jul aAgricultural workers - India - Punjab aAgricultural workers aEconomic and Political Weekly